000 00741cam a22002531 4500
001 med48001679
003 DLC
005 20260227111612.0
008 750922s1948 moua b 000 0 eng c
010 _amed48001679
035 _a(OCoLC)1648947
040 _aU.S. National Library of Medicine
_cFMU
_dOCoLC
_dDLC
042 _apremarc
050 0 0 _aRC601
_b.M9 1948
082 _a616.8
100 1 _aMuncie, Wendell,
_d1897-
245 1 0 _aPsychobiology and psychiatry;
_ba textbook of normal and abnormal human behavior.
250 _a2d ed.,
_bwith 70 illus.
260 _aSt. Louis,
_bMosby,
_c1948.
300 _a620 p.
_billus.
_c25 cm.
504 _aIncludes bibliographies.
650 0 _aPsychiatry.
650 0 _aPsychobiology.
999 _c39063
_d39063